000 00629nmc a2200253 a 4500
003 AR-BaBNM
005 20251128203138.0
008 257119s1968 ||||||||||||||000 | spa||
040 _cAR-BaBNM
100 1 _aSucre, Guillermo
245 1 0 _aBorges, el poeta
260 _aCaracas
_bMonte Avila
_c1968
300 0 _a143 p.
490 0 _aEstudios
500 0 _aContiene referencias bibliográficas en p. 141
650 4 _aLITERATURA ARGENTINA
650 4 _aCRITICA LITERARIA
650 4 _aESCRITORES
650 4 _aANALISIS LITERARIO
653 0 _aULTRAISMO
655 _aLITERATURA
942 _cBK
998 _cMARTIN
999 _c2121
_d2121